Biblioteca y Centro de Documentación

La actividad laboral de las mujeres en las periferias madrileñas (Registro nro. 12689)

Detalles MARC
000 -CABECERA
Longitud fija campo de control 01499nam a2200385 c 4500
001 - NÚMERO DE CONTROL
Número de control 12689
003 - IDENTIFICADOR DE NÚMERO DE CONTROL
Identificador del número de control ES-MaCES
005 - FECHA Y HORA DE LA ÚLTIMA TRANSACCIÓN
Fecha y hora de la última transacción 20251126101740.0
008 - CAMPO FIJO DE DESCRIPCIÓN FIJA--INFORMACIÓN GENERAL
Códigos de información de longitud fija   010907s2000 sp ||| | spa d
017 ## - NÚMERO DE REGISTRO DE DERECHOS DE AUTOR Y DEPÓSITO LEGAL
Número de copyright o de depósito legal M 28214-2000
Agencia que asigna el número DL
020 ## - ISBN (INTERNATIONAL STANDARD BOOK NUMBER)
Número Internacional Normalizado para Libros (ISBN) 8445118226
035 ## - NÚMERO DE CONTROL DEL SISTEMA
Número de control del sistema CES20010013318m
040 ## - FUENTE DE CATALOGACIÓN
Centro catalogador de origen ES-MaCES
Lengua de catalogación spa
Centro transcriptor ES-MaCES
100 1# - ENCABEZAMIENTO PRINCIPAL--NOMBRE PERSONAL
Nombre de persona Tobío Soler, Constanza
9 (RLIN) 24952
245 13 - MENCIÓN DE TÍTULO
Título La actividad laboral de las mujeres en las periferias madrileñas
Resto del título : discursos y prácticas
Mención de responsabilidad, etc. Constanza Tobío, Rosario Sampedro, Mercedes Montero
260 ## - PUBLICACIÓN, DISTRIBUCIÓN, ETC (PIE DE IMPRENTA)
Lugar de publicación, distribución, etc. [Madrid]
Nombre del editor, distribuidor, etc. Dirección General de la Mujer de la Comunidad de Madrid
-- Universidad Carlos III de Madrid
Fecha de publicación, distribución, etc. [2000]
300 ## - DESCRIPCIÓN FÍSICA
Extensión 361 p.
Dimensiones 22 cm
490 0# - MENCIÓN DE SERIE
Mención de serie Publicaciones / DGM, Dirección General de la Mujer
Designación de volumen o secuencia 17
541 ## - NOTA DE LA FUENTE INMEDIANTE DE ADQUISICIÓN
Forma de adquisición Gratuito
650 #4 - ASIENTO SECUNDARIO DE MATERIA--TÉRMINO DE MATERIA
Término de materia o nombre geográfico como elemento inicial trabajadora
9 (RLIN) 28413
650 #4 - ASIENTO SECUNDARIO DE MATERIA--TÉRMINO DE MATERIA
Término de materia o nombre geográfico como elemento inicial trabajadora madre de familia
9 (RLIN) 29565
650 #4 - ASIENTO SECUNDARIO DE MATERIA--TÉRMINO DE MATERIA
Término de materia o nombre geográfico como elemento inicial zona urbana
9 (RLIN) 28618
650 #4 - ASIENTO SECUNDARIO DE MATERIA--TÉRMINO DE MATERIA
Término de materia o nombre geográfico como elemento inicial zona rural
9 (RLIN) 28605
650 #4 - ASIENTO SECUNDARIO DE MATERIA--TÉRMINO DE MATERIA
Término de materia o nombre geográfico como elemento inicial trabajador doméstico
9 (RLIN) 28431
650 #4 - ASIENTO SECUNDARIO DE MATERIA--TÉRMINO DE MATERIA
Término de materia o nombre geográfico como elemento inicial Madrid (Comunidad Autónoma)
9 (RLIN) 30777
653 10 - TÉRMINO DE INDEXACIÓN--NO CONTROLADO
Término no controlado Mujer
700 1# - ENCABEZAMIENTO SECUNDARIO--NOMBRE PERSONAL
Nombre de persona Sampedro Gallego, Rosario
9 (RLIN) 23152
700 1# - ENCABEZAMIENTO SECUNDARIO--NOMBRE PERSONAL
Nombre de persona Montero, Mercedes
9 (RLIN) 18890
710 2# - ENCABEZAMIENTO SECUNDARIO--NOMBRE CORPORATIVO
Nombre de entidad o nombre de jurisdicción como elemento inicial Madrid (Comunidad Autónoma)
Unidad subordinada Dirección General de la Mujer
Término indicativo de función ed.
9 (RLIN) 4474
710 2# - ENCABEZAMIENTO SECUNDARIO--NOMBRE CORPORATIVO
Nombre de entidad o nombre de jurisdicción como elemento inicial Universidad Carlos III de Madrid
Término indicativo de función ed.
9 (RLIN) 5214
830 #0 - ENCABEZAMIENTO SECUNDARIO DE COLECCIÓN--TÍTULO UNIFORME
Título uniforme Publicaciones (Madrid (Comunidad Autónoma). Dirección General de la Mujer
Designación de volumen o secuencia 17
9 (RLIN) 33675
902 ## - CES. TIPO DE DOCUMENTO
Tipodoc (006$c Sirtex) LIB Libro
942 ## - ELEMENTOS KOHA
Fuente de clasificaión o esquema Clasificación propia del CES
Koha [por defecto] tipo de item Monografías
Parte de clasificación 3.3.
Existencias
Número de registro Signatura completa Tipo de item de Koha
043903 DPT-12051 Monografías
© CES, Consejo Económico y Social de España 2021